[Event "SIN-ch"]
[Site "Singapore"]
[Date "2009.01.04"]
[Round "3"]
[White "Chua, Xing Jian Graham"]
[Black "Tan, Weiliang"]
[Result "1/2-1/2"]
[WhiteElo "2211"]
[BlackElo "2107"]
[PlyCount "72"]
[EventDate "2009.01.03"]
[EventType "swiss"]
[EventRounds "9"]
[EventCountry "SIN"]
[SourceTitle "CBM 128 Extra"]
[Source "ChessBase"]
[SourceDate "2009.03.05"]
[SourceVersion "2"]
[SourceVersionDate "2009.03.25"]
[SourceQuality "1"]

1. g3 Nf6 2. Bg2 d5 3. Nf3 c6 4. 0-0 Nbd7 5. d3 e5 6. Nbd2 Be7 7. e4 dxe4 8. dxe4 0-0 9. Qe2 Qc7 10. a4 Re8 11. a5 Rb8 12. c3 b5 13. axb6 axb6 14. Rd1 b5 15. Nf1 Bf8 16. N3d2 Nb6 17. Ne3 Be6 18. b3 Ra8 19. Bb2 Nfd7 20. c4 bxc4 21. Ndxc4 f6 22. Qc2 Nxc4 23. Nxc4 Rab8 24. Rab1 Qb7 25. Bc1 Nc5 26. Nd6 Bxd6 27. Rxd6 Na6 28. Qxc6 Qxc6 29. Rxc6 Nb4 30. Rd6 Nc2 31. Bf1 Kh8 32. b4 Rxb4 33. Rxb4 Nxb4 34. Bd2 Nc2 35. Bb5 Rb8 36. Rxe6 Nd4 1/2-1/2

[Event "Singapore Masters 5th"]
[Site "Singapore"]
[Date "2008.12.13"]
[Round "7"]
[White "Chua, Xing Jian Graham"]
[Black "Sukandar, Irine Kharisma"]
[Result "1/2-1/2"]
[WhiteElo "2229"]
[BlackElo "2303"]
[PlyCount "67"]
[EventDate "2008.12.10"]
[EventType "swiss"]
[EventRounds "9"]
[EventCountry "SIN"]
[SourceTitle "CBM 127 Extra"]
[Source "ChessBase"]
[SourceDate "2009.01.08"]
[SourceVersion "2"]
[SourceVersionDate "2009.01.28"]
[SourceQuality "1"]

1. Nf3 Nf6 2. g3 d5 3. Bg2 Bf5 4. 0-0 e6 5. d3 h6 6. Nbd2 Be7 7. Qe1 0-0 8. e4 dxe4 9. dxe4 Bh7 10. Qe2 c6 11. e5 Nd5 12. Ne4 Qc7 13. c4 Nb6 14. b3 c5 15. h4 Nc6 16. Bf4 Bxe4 17. Qxe4 Rfd8 18. Rad1 Rxd1 19. Rxd1 Rd8 20. Rxd8+ Qxd8 21. Bf1 Nd7 22. h5 Qa5 23. Bd3 Nf8 24. Qe2 a6 25. Be4 Nb4 26. a4 Qb6 27. Qe3 Nc6 28. Kg2 f5 29. exf6 Bxf6 30. Qd3 Na5 31. Bd6 Nd7 32. Be7 Qc7 33. Bd6 Qb6 34. Be7 1/2-1/2

[Event "Singapore Masters 5th"]
[Site "Singapore"]
[Date "2008.12.12"]
[Round "5"]
[White "Huynh Mai Phuong, Dung"]
[Black "Chua, Xing Jian Graham"]
[Result "1/2-1/2"]
[WhiteElo "2110"]
[BlackElo "2229"]
[PlyCount "95"]
[EventDate "2008.12.10"]
[EventType "swiss"]
[EventRounds "9"]
[EventCountry "SIN"]
[SourceTitle "CBM 127 Extra"]
[Source "ChessBase"]
[SourceDate "2009.01.08"]
[SourceVersion "2"]
[SourceVersionDate "2009.01.28"]
[SourceQuality "1"]

1. e4 c5 2. Nf3 Nc6 3. d4 cxd4 4. Nxd4 e5 5. Nb5 d6 6. c4 Be7 7. N1c3 a6 8. Na3 Be6 9. Be3 Bg5 10. Nc2 Bxe3 11. Nxe3 Nf6 12. Be2 0-0 13. 0-0 Rc8 14. Rc1 Nd4 15. Qd3 Qa5 16. Qd2 b5 17. b3 Qb6 18. Rfd1 Rfd8 19. Kh1 Qb7 20. f3 Nd7 21. Bf1 Nb8 22. Qe1 Nbc6 23. Ncd5 Ne7 24. Nxe7+ Qxe7 25. Qa5 Qb7 26. Bd3 Re8 27. Qd2 b4 28. Nc2 Nc6 29. Be2 Red8 30. Qe1 Qb6 31. Qg1 Qa5 32. Ra1 g6 33. Qe3 Qc5 34. Bf1 a5 35. Rd2 Qxe3 36. Nxe3 Nd4 37. Nc2 Nxc2 38. Rxc2 Kf8 39. Rd2 Ke7 40. a3 Rb8 41. a4 Rd7 42. Kg1 Kd8 43. Rc1 Rc8 44. Rcd1 Ke7 45. Kf2 f5 46. Ke3 Rc5 47. g3 Rd8 48. Be2 1/2-1/2

[Event "Singapore Masters 5th"]
[Site "Singapore"]
[Date "2008.12.11"]
[Round "3"]
[White "Paciencia, Enrique Rivas"]
[Black "Chua, Xing Jian Graham"]
[Result "1-0"]
[WhiteElo "2440"]
[BlackElo "2229"]
[PlyCount "83"]
[EventDate "2008.12.10"]
[EventType "swiss"]
[EventRounds "9"]
[EventCountry "SIN"]
[SourceTitle "CBM 127 Extra"]
[Source "ChessBase"]
[SourceDate "2009.01.08"]
[SourceVersion "2"]
[SourceVersionDate "2009.01.28"]
[SourceQuality "1"]

1. d4 d6 2. Nf3 g6 3. c4 Bg7 4. Nc3 Nd7 5. e4 e5 6. Be2 Ngf6 7. 0-0 0-0 8. Re1 c6 9. Bf1 exd4 10. Nxd4 Re8 11. Nc2 Qc7 12. f3 a6 13. Be3 b5 14. Qd2 Ne5 15. Rad1 Bf8 16. cxb5 axb5 17. Rc1 Qb7 18. a3 Be6 19. Bf2 Nfd7 20. f4 Ng4 21. Bg3 Nc5 22. Nd4 Bc4 23. h3 Bxf1 24. Kxf1 Nf6 25. Qc2 Bg7 26. Rcd1 Nh5 27. Bh2 Qb6 28. Nde2 Rad8 29. e5 dxe5 30. Bg1 exf4 31. Rxd8 Rxd8 32. b4 Qc7 33. bxc5 Ng3+ 34. Nxg3 fxg3 35. Be3 Qe5 36. Ne4 Qf5+ 37. Kg1 Re8 38. Bc1 Bd4+ 39. Kh1 Re6 40. Bh6 g5 41. Qd3 Bf6 42. Qxg3 1-0

[Event "Wch U14"]
[Site "Vung Tau"]
[Date "2008.10.27"]
[Round "8"]
[White "Pham, Hoai Nam"]
[Black "Chua, Xing Jian Graham"]
[Result "1-0"]
[WhiteElo "1973"]
[BlackElo "2229"]
[PlyCount "91"]
[EventDate "2008.10.20"]
[EventType "swiss"]
[EventRounds "11"]
[EventCountry "VIE"]
[SourceTitle "EXT 2009"]
[Source "ChessBase"]
[SourceDate "2008.11.26"]
[SourceVersion "1"]
[SourceVersionDate "2008.11.26"]
[SourceQuality "1"]

1. d4 Nf6 2. c4 Nc6 3. Nf3 e6 4. g3 Bb4+ 5. Bd2 Bxd2+ 6. Nbxd2 d6 7. Bg2 0-0 8. 0-0 e5 9. d5 Ne7 10. e4 a5 11. c5 Nd7 12. cxd6 cxd6 13. Rc1 b6 14. Nc4 Nc5 15. Re1 f6 16. b3 Bg4 17. h3 Bh5 18. g4 Be8 19. Nh4 g6 20. Re3 Nc8 21. Nf3 b5 22. Ncd2 b4 23. g5 Nb6 24. Qe2 Rc8 25. Nh2 fxg5 26. Bf1 Bd7 27. Rc2 Rf4 28. Rg3 h5 29. Qe3 Qf6 30. Be2 Kg7 31. Kf1 Rf8 32. Ke1 g4 33. hxg4 hxg4 34. Bxg4 Bb5 35. Rxc5 dxc5 36. Qxc5 Rxf2 37. Bf5 Rxf5 38. exf5 Qh4 39. Qf2 Qf6 40. Qg1 Be8 41. Ng4 Qd6 42. f6+ Rxf6 43. Ne4 Qc7 44. Ngxf6 Qc1+ 45. Kf2 Qc2+ 46. Kf3 1-0

[Event "Wch U14"]
[Site "Vung Tau"]
[Date "2008.10.22"]
[Round "4"]
[White "Idani, Pouya"]
[Black "Chua, Xing Jian Graham"]
[Result "1-0"]
[WhiteElo "2067"]
[BlackElo "2229"]
[PlyCount "63"]
[EventDate "2008.10.20"]
[EventType "swiss"]
[EventRounds "11"]
[EventCountry "VIE"]
[SourceTitle "EXT 2009"]
[Source "ChessBase"]
[SourceDate "2008.11.26"]
[SourceVersion "1"]
[SourceVersionDate "2008.11.26"]
[SourceQuality "1"]

1. e4 c5 2. Nf3 Nc6 3. Nc3 e5 4. Bc4 Be7 5. d3 Nf6 6. 0-0 d6 7. Ng5 0-0 8. f4 exf4 9. Bxf4 h6 10. Nf3 Be6 11. Bxe6 fxe6 12. Qd2 Nh5 13. Be3 d5 14. exd5 exd5 15. d4 c4 16. Ne5 Bd6 17. Rxf8+ Qxf8 18. Rf1 Qe8 19. Nf7 Qe6 20. Nxd6 Qxd6 21. Rf5 Qg6 22. Qf2 Nf6 23. Nxd5 Ne4 24. Qf4 Nd6 25. Nf6+ Kh8 26. Rd5 Nf7 27. Ng4 Ng5 28. Qf5 Qe8 29. Bxg5 hxg5 30. Ne5 Nb4 31. Rd7 Qh5 32. Ng6+ 1-0

[Event "WchT Schools 4th"]
[Site "Singapore"]
[Date "2008.07.26"]
[Round "4.1"]
[White "Cori, Jorge Moise"]
[Black "Chua, Xing Jian Graham"]
[Result "1-0"]
[WhiteElo "2377"]
[BlackElo "2276"]
[PlyCount "59"]
[EventDate "2008.07.23"]
[EventType "team-swiss"]
[EventRounds "9"]
[EventCountry "SIN"]
[SourceTitle "EXT 2009"]
[Source "ChessBase"]
[SourceDate "2008.11.26"]
[SourceVersion "1"]
[SourceVersionDate "2008.11.26"]
[SourceQuality "1"]

1. e4 c5 2. Nf3 a6 3. d3 b5 4. g3 Bb7 5. Bg2 d6 6. 0-0 g6 7. c3 Bg7 8. Re1 Nf6 9. Nbd2 0-0 10. d4 e6 11. b3 Nc6 12. Bb2 Qc7 13. Nf1 Ne7 14. N3d2 Nd7 15. Rc1 Qb6 16. Ne3 Rac8 17. d5 e5 18. c4 f5 19. Bh3 Rcd8 20. exf5 gxf5 21. Qc2 Qa5 22. Bc3 b4 23. Ba1 e4 24. Bxg7 Kxg7 25. Nxf5+ Nxf5 26. Qxe4 Nd4 27. Bxd7 Qxa2 28. Qg4+ Kh8 29. Re7 Rg8 30. Qh4 1-0

[Event "ASEAN-ch9 U14"]
[Site "Da Nang"]
[Date "2008.06.11"]
[Round "3"]
[White "Chua, Xing Jian Graham"]
[Black "Yeap, Eng Cheam"]
[Result "1-0"]
[WhiteElo "2151"]
[BlackElo "2072"]
[PlyCount "77"]
[EventDate "2008.06.10"]
[EventType "swiss"]
[EventRounds "9"]
[EventCountry "VIE"]
[SourceTitle "CBM 125 Extra"]
[Source "ChessBase"]
[SourceDate "2008.09.01"]
[SourceVersion "1"]
[SourceVersionDate "2008.09.01"]
[SourceQuality "1"]

1. c4 e5 2. g3 Nf6 3. Bg2 Nc6 4. Nc3 a5 5. a3 Bc5 6. e3 0-0 7. Nge2 Re8 8. 0-0 Bf8 9. b3 d6 10. h3 Bd7 11. d4 Qc8 12. Kh2 Ra6 13. d5 Na7 14. g4 h6 15. Qd3 Qb8 16. f4 exf4 17. exf4 Qc8 18. Ng3 g6 19. Bb2 Bg7 20. g5 hxg5 21. fxg5 Nh7 22. Qd2 Rb6 23. Nce4 Rxb3 24. Bxg7 Kxg7 25. Qf4 Bf5 26. Qh4 Rh8 27. Rxf5 Rxg3 28. Qh6+ Kg8 29. Rxf7 Rxg2+ 30. Kxg2 Kxf7 31. Rf1+ Ke8 32. Qxg6+ Kd8 33. Qg7 Re8 34. Qxh7 b5 35. Nf6 b4 36. Re1 Rxe1 37. Qg8+ Ke7 38. Qg7+ Kd8 39. Qf8+ 1-0

[Event "Singapore U20-Myanmar 2nd"]
[Site "Singapore"]
[Date "2008.05.01"]
[Round "9"]
[White "Kyaw, Lin Naing"]
[Black "Chua, Xing Jian Graham"]
[Result "1-0"]
[WhiteElo "2405"]
[BlackElo "2151"]
[PlyCount "77"]
[EventDate "2008.04.19"]
[EventType "schev"]
[EventRounds "12"]
[EventCountry "SIN"]
[SourceTitle "EXT 2022"]
[Source "ChessBase"]
[SourceDate "2021.10.06"]
[SourceVersion "1"]
[SourceVersionDate "2021.10.06"]
[SourceQuality "1"]
[WhiteTeam "Myanmar"]
[BlackTeam "Singapore (U20)"]
[WhiteTeamCountry "MYA"]
[BlackTeamCountry "SIN"]

1. e4 c5 2. Nf3 Nc6 3. Nc3 e5 4. Bc4 Be7 5. d3 d6 6. Nd2 Nf6 7. Nf1 Bg4 8. f3 Be6 9. Ne3 0-0 10. a4 Nb4 11. Qe2 d5 12. exd5 Nbxd5 13. Nexd5 Nxd5 14. Bxd5 Bxd5 15. Qxe5 Bf6 16. Qf4 Re8+ 17. Kf1 Bxc3 18. bxc3 c4 19. Be3 Qa5 20. Bd4 Re6 21. Kf2 Rae8 22. Rhe1 h6 23. Qg4 g5 24. Qf5 Qd8 25. Rxe6 Rxe6 26. Re1 Rxe1 27. Kxe1 cxd3 28. cxd3 Qe7+ 29. Kd2 Bc6 30. a5 a6 31. Qc8+ Qf8 32. Qc7 Qe8 33. Qd6 Qe6 34. Qd8+ Kh7 35. Qh8+ Kg6 36. Qg7+ Kf5 37. h4 Kf4 38. c4 g4 39. Be5+ 1-0

[Event "Singapore ASEAN Masters"]
[Site "Singapore"]
[Date "2008.03.22"]
[Round "9"]
[White "Chua, Xing Jian Graham"]
[Black "Magno, Enerose"]
[Result "1-0"]
[WhiteElo "2075"]
[BlackElo "2169"]
[PlyCount "109"]
[EventDate "2008.03.15"]
[EventType "tourn"]
[EventRounds "11"]
[EventCountry "SIN"]
[SourceTitle "EXT 2022"]
[Source "ChessBase"]
[SourceDate "2021.10.06"]
[SourceVersion "1"]
[SourceVersionDate "2021.10.06"]
[SourceQuality "1"]

1. c4 c5 2. g3 Nf6 3. Bg2 g6 4. Nc3 Bg7 5. e3 0-0 6. Nge2 d6 7. 0-0 Nc6 8. d3 Rb8 9. Rb1 Bf5 10. a3 Qd7 11. b4 Bh3 12. b5 Bxg2 13. Kxg2 Nd8 14. e4 Ne6 15. f4 Nd4 16. Nxd4 cxd4 17. Ne2 e5 18. h3 Qe7 19. Bd2 Nd7 20. f5 Nc5 21. Bb4 b6 22. Bxc5 dxc5 23. Qd2 Kh8 24. g4 Bf6 25. Ng1 Bg5 26. Qe1 Bf4 27. Ne2 g5 28. Rh1 f6 29. h4 Rg8 30. Kf3 Kg7 31. a4 Kf8 32. a5 Qg7 33. h5 h6 34. Ra1 Qc7 35. axb6 axb6 36. Ra6 Ke7 37. Qa1 Rb7 38. Qa4 Rgb8 39. Ra1 Be3 40. Kg2 Kd7 41. Ra2 Qc8 42. Kf1 Kc7 43. Ke1 Kd7 44. Kd1 Kc7 45. Kc2 Kd7 46. Qb3 Kc7 47. R2a4 Kd7 48. Qa3 Qc7 49. Ra8 Qc8 50. Rxb8 Rxb8 51. Ra7+ Rb7 52. Ra8 Qc7 53. Rh8 Kd6 54. Qa8 Qf7 55. Rd8+ 1-0

[Event "Singapore ASEAN Masters"]
[Site "Singapore"]
[Date "2008.03.16"]
[Round "4"]
[White "Chua, Xing Jian Graham"]
[Black "Myat, Thiri Aung Kyaw1"]
[Result "1-0"]
[WhiteElo "2075"]
[BlackElo "2181"]
[PlyCount "99"]
[EventDate "2008.03.15"]
[EventType "tourn"]
[EventRounds "11"]
[EventCountry "SIN"]
[SourceTitle "EXT 2022"]
[Source "ChessBase"]
[SourceDate "2021.10.06"]
[SourceVersion "1"]
[SourceVersionDate "2021.10.06"]
[SourceQuality "1"]

1. c4 c6 2. g3 d5 3. Bg2 Nf6 4. Nc3 Na6 5. Nf3 Bg4 6. cxd5 Nxd5 7. 0-0 e6 8. a3 Be7 9. Qc2 0-0 10. d4 Bh5 11. e4 Nb6 12. Rd1 Qc7 13. b3 Rfd8 14. Bf4 Bd6 15. Be3 Qe7 16. Qb2 e5 17. Rd2 Bxf3 18. Bxf3 exd4 19. Bxd4 c5 20. Be3 Be5 21. Bg2 Qf6 22. Rc1 Nc7 23. f4 Bd4 24. Bxd4 cxd4 25. Ne2 d3 26. Qxf6 gxf6 27. Rxc7 dxe2 28. Rxe2 Rd3 29. Rb2 Rd7 30. Rxd7 Nxd7 31. Rc2 Rb8 32. Kf2 Kf8 33. Ke3 Ke7 34. Bh3 Nf8 35. Rc7+ Ke8 36. Bf5 h6 37. h4 h5 38. g4 hxg4 39. h5 g3 40. Kf3 Rd8 41. Rxb7 Rd3+ 42. Kg2 a5 43. a4 Rc3 44. h6 Re3 45. h7 Nxh7 46. Bxh7 Kf8 47. b4 Kg7 48. Bf5 axb4 49. Rxb4 Kf8 50. Bg4 1-0

[Event "Singapore ASEAN Masters"]
[Site "Singapore"]
[Date "2008.03.16"]
[Round "3"]
[White "Long, Peter"]
[Black "Chua, Xing Jian Graham"]
[Result "1/2-1/2"]
[WhiteElo "2350"]
[BlackElo "2075"]
[PlyCount "99"]
[EventDate "2008.03.15"]
[EventType "tourn"]
[EventRounds "11"]
[EventCountry "SIN"]
[SourceTitle "EXT 2022"]
[Source "ChessBase"]
[SourceDate "2021.10.06"]
[SourceVersion "1"]
[SourceVersionDate "2021.10.06"]
[SourceQuality "1"]

1. d4 Nf6 2. Nf3 d6 3. Bg5 Nbd7 4. Nbd2 g6 5. e4 Bg7 6. c3 0-0 7. Qc2 c6 8. a4 Qc7 9. Be2 e5 10. 0-0 Re8 11. dxe5 dxe5 12. Rfe1 h6 13. Bh4 Nh5 14. Nc4 g5 15. Bg3 Nf4 16. Bf1 Nf8 17. Ne3 N8g6 18. Nd2 Be6 19. Ndc4 Rad8 20. b4 g4 21. Nf5 Bxf5 22. exf5 Ne7 23. Bh4 f6 24. Ne3 h5 25. Bc4+ Nfd5 26. Rad1 Kh8 27. Nf1 Rf8 28. Ng3 Nf4 29. Be6 Ned5 30. b5 a6 31. c4 Nb4 32. Qe4 Nbd3 33. Rf1 Nc5 34. Qb1 Qe7 35. bxc6 bxc6 36. Rxd8 Rxd8 37. Qb4 Re8 38. Rd1 Ncxe6 39. Qxe7 Rxe7 40. fxe6 Rxe6 41. Rd7 Kg8 42. Nf5 Bf8 43. Ra7 c5 44. a5 Ng6 45. g3 Ne7 46. Ne3 Rd6 47. Rc7 Rc6 48. Rb7 Rd6 49. Rc7 Rc6 50. Rb7 1/2-1/2

[Event "SGP-ch 60th"]
[Site "Singapore"]
[Date "2007.12.30"]
[Round "3"]
[White "Chan, Peng Kong"]
[Black "Chua, Xing Jian Graham"]
[Result "1/2-1/2"]
[WhiteElo "2287"]
[BlackElo "2065"]
[PlyCount "55"]
[EventDate "2007.12.29"]
[EventType "swiss"]
[EventRounds "9"]
[EventCountry "SIN"]
[SourceTitle "EXT 2022"]
[Source "ChessBase"]
[SourceDate "2021.10.06"]
[SourceVersion "1"]
[SourceVersionDate "2021.10.06"]
[SourceQuality "1"]

1. d4 Nf6 2. Nf3 e6 3. c4 Nc6 4. a3 d6 5. Nc3 g6 6. e4 Bg7 7. h3 0-0 8. Bg5 h6 9. Be3 Re8 10. Bd3 Nd7 11. Be2 f5 12. g4 fxe4 13. Nxe4 e5 14. dxe5 Ndxe5 15. Nxe5 Nxe5 16. Qc2 Qe7 17. Ng3 Bd7 18. 0-0-0 Qf7 19. Kb1 Bc6 20. Rhe1 Nf3 21. Bxf3 Bxf3 22. Rc1 a6 23. Qd2 Kh7 24. Bd4 Bf8 25. Qd3 c5 26. Bc3 d5 27. cxd5 Qxd5 28. Qxd5 1/2-1/2

[Event "SGP-ch 60th"]
[Site "Singapore"]
[Date "2007.12.30"]
[Round "4"]
[White "Wong, Meng Kong"]
[Black "Chua, Xing Jian Graham"]
[Result "0-1"]
[WhiteElo "2445"]
[BlackElo "2065"]
[PlyCount "78"]
[EventDate "2007.12.29"]
[EventType "swiss"]
[EventRounds "9"]
[EventCountry "SIN"]
[SourceTitle "EXT 2022"]
[Source "ChessBase"]
[SourceDate "2021.10.06"]
[SourceVersion "1"]
[SourceVersionDate "2021.10.06"]
[SourceQuality "1"]

1. d4 Nf6 2. c4 Nc6 3. Nf3 e6 4. Bg5 Bb4+ 5. Nbd2 h6 6. Bxf6 Qxf6 7. a3 Bxd2+ 8. Qxd2 d6 9. Rc1 0-0 10. e3 e5 11. d5 Ne7 12. Qa5 c6 13. dxc6 Nxc6 14. Qc3 Be6 15. b4 Rac8 16. Rd1 Rfd8 17. b5 Ne7 18. Be2 Qg6 19. Qb4 e4 20. Nh4 Qf6 21. g3 Bh3 22. Rg1 g5 23. Ng2 Ng6 24. Qb1 Qc3+ 25. Kf1 Rxc4 26. f4 exf3 27. Bxf3 Qf6 28. Ke2 Ne5 29. Ne1 Bf5 30. Qa1 Rdc8 31. Rf1 Rc2+ 32. Nxc2 Rxc2+ 33. Rd2 Bd3+ 34. Kd1 Rxd2+ 35. Kxd2 Bxf1 36. Qxf1 Qxf3 37. Qxf3 Nxf3+ 38. Kd3 Nxh2 39. Ke4 Kf8 0-1

[Event "SGP-ch 60th"]
[Site "Singapore"]
[Date "2007.12.29"]
[Round "2"]
[White "Chua, Xing Jian Graham"]
[Black "Khegay, Anjela"]
[Result "1/2-1/2"]
[WhiteElo "2065"]
[BlackElo "2218"]
[PlyCount "127"]
[EventDate "2007.12.29"]
[EventType "swiss"]
[EventRounds "9"]
[EventCountry "SIN"]
[SourceTitle "EXT 2022"]
[Source "ChessBase"]
[SourceDate "2021.10.06"]
[SourceVersion "1"]
[SourceVersionDate "2021.10.06"]
[SourceQuality "1"]

1. c4 Nf6 2. g3 d6 3. Bg2 g6 4. Nc3 Bg7 5. d3 0-0 6. e4 c5 7. Nge2 Nc6 8. 0-0 a6 9. f4 Rb8 10. h3 Nd7 11. a4 b6 12. Be3 Bb7 13. Qd2 Nd4 14. Rae1 e6 15. Bf2 Bc6 16. Nxd4 cxd4 17. Ne2 e5 18. b3 f5 19. exf5 Bxg2 20. Kxg2 gxf5 21. b4 Qc7 22. Kh2 a5 23. Rb1 axb4 24. Rxb4 Nc5 25. Rfb1 Qc6 26. a5 Qf3 27. Bg1 h5 28. Rxb6 Rxb6 29. Rxb6 Nxd3 30. Rxd6 Nf2 31. Bxf2 Qxf2+ 32. Kh1 e4 33. Rg6 Rd8 34. Qb4 Rd7 35. Qb8+ Kh7 36. Qe8 Qf3+ 37. Kg1 Rb7 38. Rb6 Rxb6 39. axb6 d3 40. Qe6 Qe3+ 41. Kh1 Qc5 42. Nc3 Bxc3 43. Qf7+ Kh6 44. b7 Qd6 45. Qg8 d2 46. Qg5+ Kh7 47. Qxh5+ Qh6 48. Qxf5+ Qg6 49. Qd7+ Qg7 50. Qf5+ Kh6 51. Qe6+ Bf6 52. Qd6 d1Q+ 53. Qxd1 Qxb7 54. g4 e3+ 55. Kg1 Bb2 56. Qd3 Qe7 57. Kf1 Ba3 58. Ke2 Bc5 59. Qd5 Qa7 60. g5+ Kg7 61. Qe5+ Kh7 62. Qf5+ Kg8 63. Qg6+ Kf8 64. Qf6+ 1/2-1/2

[Event "Singapore Masters 4th"]
[Site "Singapore"]
[Date "2007.12.19"]
[Round "6"]
[White "Chua, Xing Jian Graham"]
[Black "Teo, Wei Xing"]
[Result "1/2-1/2"]
[WhiteElo "2065"]
[BlackElo "2191"]
[PlyCount "95"]
[EventDate "2007.12.17"]
[EventType "swiss"]
[EventRounds "9"]
[EventCountry "SIN"]
[SourceTitle "CBM 121 Extra"]
[Source "ChessBase"]
[SourceDate "2008.01.10"]
[SourceVersion "1"]
[SourceVersionDate "2008.01.10"]
[SourceQuality "1"]

1. c4 e5 2. g3 Nc6 3. Bg2 g6 4. Nc3 Bg7 5. e4 d6 6. Nge2 Be6 7. d3 Qd7 8. Nd5 Nce7 9. d4 c6 10. Ne3 Bh3 11. 0-0 Bxg2 12. Kxg2 Nf6 13. Qd3 0-0 14. d5 Nh5 15. Rd1 c5 16. Rb1 f5 17. f3 Rf7 18. Bd2 Raf8 19. Rf1 fxe4 20. fxe4 Nf4+ 21. gxf4 exf4 22. Nd1 f3+ 23. Rxf3 Rxf3 24. Qxf3 Rxf3 25. Kxf3 Qh3+ 26. Ng3 Qxh2 27. Bf4 Nc8 28. Nf2 Qh4 29. b4 cxb4 30. Rxb4 b6 31. Rb1 Qf6 32. Ng4 Qc3+ 33. Ne3 h5 34. Rg1 Kh7 35. e5 dxe5 36. Ne4 Qd4 37. Rd1 Qb2 38. Bg3 Ne7 39. d6 Nf5 40. Ng5+ Kg8 41. d7 e4+ 42. Nxe4 Nd4+ 43. Rxd4 Qxd4 44. Nd5 Qd3+ 45. Kf4 Bh6+ 46. Ke5 Bg7+ 47. Nef6+ Kf7 48. d8N+ 1/2-1/2

[Event "Wch U12"]
[Site "Kemer"]
[Date "2007.11.28"]
[Round "11"]
[White "Cori, Jorge Moise"]
[Black "Chua, Xing Jian Graham"]
[Result "1-0"]
[WhiteElo "2316"]
[BlackElo "2065"]
[PlyCount "77"]
[EventDate "2007.11.18"]
[EventType "swiss"]
[EventRounds "11"]
[EventCountry "TUR"]
[SourceTitle "CBM 121 Extra"]
[Source "ChessBase"]
[SourceDate "2008.01.10"]
[SourceVersion "1"]
[SourceVersionDate "2008.01.10"]
[SourceQuality "1"]

1. e4 c5 2. Nf3 Nc6 3. Bb5 d6 4. 0-0 Bd7 5. Re1 Nf6 6. c3 a6 7. Bf1 Bg4 8. d3 e6 9. Nbd2 Be7 10. h3 Bh5 11. g4 Bg6 12. Nh4 Nd7 13. Ng2 0-0 14. f4 h6 15. Nf3 f5 16. exf5 exf5 17. g5 Bh5 18. h4 d5 19. Be2 b5 20. d4 c4 21. gxh6 gxh6 22. Ne5 Bxe2 23. Rxe2 Rf6 24. h5 Bf8 25. Nh4 Bg7 26. Rg2 Ne7 27. Qf3 Nf8 28. Bd2 Kh7 29. Kh1 Ne6 30. Rag1 Qe8 31. Nhg6 Ra7 32. Be1 Nxg6 33. hxg6+ Kh8 34. Bg3 Nc7 35. Bh4 Re6 36. Qh5 Qf8 37. Nf7+ Kg8 38. Bg5 hxg5 39. Qh7# 1-0

[Event "Wch U12"]
[Site "Kemer"]
[Date "2007.11.27"]
[Round "10"]
[White "Chua, Xing Jian Graham"]
[Black "Moussard, Jules"]
[Result "1-0"]
[WhiteElo "2065"]
[BlackElo "2261"]
[PlyCount "59"]
[EventDate "2007.11.18"]
[EventType "swiss"]
[EventRounds "11"]
[EventCountry "TUR"]
[SourceTitle "CBM 121 Extra"]
[Source "ChessBase"]
[SourceDate "2008.01.10"]
[SourceVersion "1"]
[SourceVersionDate "2008.01.10"]
[SourceQuality "1"]

1. e4 c5 2. Nf3 d6 3. Bb5+ Nd7 4. d4 cxd4 5. Qxd4 a6 6. Bxd7+ Bxd7 7. 0-0 Nf6 8. Bg5 e6 9. Nbd2 e5 10. Qd3 b5 11. Rfe1 h6 12. Bh4 g5 13. Bg3 Be7 14. Nf1 Bc6 15. N3d2 h5 16. h4 Ng4 17. hxg5 h4 18. Bh2 Nxh2 19. Nxh2 Bxg5 20. Rad1 Bf4 21. Ndf1 Rh6 22. Ne3 Rg6 23. Nf5 Qg5 24. Qh3 Rd8 25. Nf3 Qh5 26. N3xh4 Rg5 27. Rxd6 Bxe4 28. Rh6 Rd1 29. Qc3 Qg4 30. Rh8+ 1-0